| Tag |
First Indicator |
Second Indicator |
Subfields |
| LEADER |
00000cgm a2200000ua 4500 |
| 001 |
in00003775113 |
| 006 |
m o c |
| 007 |
vz uzazuu |
| 007 |
cr una---unuuu |
| 008 |
160324p20161962cau023 o o vleng d |
| 005 |
20260324181731.6 |
| 028 |
5 |
2 |
|a 1166401
|b Kanopy
|
| 035 |
|
|
|a (OCoLC)945763040
|
| 035 |
|
|
|a (CaSfKAN)kan1166401
|
| 040 |
|
|
|a VDU
|b eng
|c VDU
|d UtOrBLW
|
| 245 |
0 |
0 |
|a Women for Peace.
|
| 264 |
|
1 |
|a [San Francisco, California, USA] :
|b Kanopy Streaming,
|c 2016.
|
| 300 |
|
|
|a 1 online resource (1 video file, approximately 24 minutes) :
|b digital, .flv file, sound
|
| 306 |
|
|
|a Playing time: 23 min.
|
| 336 |
|
|
|a two-dimensional moving image
|b tdi
|2 rdacontent
|
| 337 |
|
|
|a computer
|b c
|2 rdamedia
|
| 338 |
|
|
|a online resource
|b cr
|2 rdacarrier
|
| 347 |
|
|
|a data file
|2 rda
|
| 500 |
|
|
|a In Process Record.
|
| 500 |
|
|
|a Title from title frames.
|
| 518 |
|
|
|a Originally produced by Estuary Press in 1962.
|
| 520 |
|
|
|a Women for Peace covers the founding of the organization and many of the first peace demonstrations that it sponsored. With narration by Frances Herring, a founder of Women for Peace, the film covers 1961 and 1962 anti-nuclear demonstrations in California and Nevada, and many other activities undertaken by the group. In San Francisco, on August 6, 1962, Harvey Richards photographed the Women for Peace march to commemorate the anniversary of the U.S. dropping of the atom bomb on Hiroshima. Marching in a time of complacency and ubiquitous anti-communist media bias, these demonstrators received little or no publicity from the established media. Calling for No More War, protesters marched around an area in San Francisco equal in size to the area destroyed in Hiroshima by the bomb. Eva Helen Pauling spoke at the rally at Civic Center in San Francisco where the march ended. Alice Richards, one of the founders of Women for Peace, and also spoke at the rally. Out of these demonstrations came the peace organization Women for Peace. Harvey Richards documented the west coast activities and formation of this group in his film Women for Peace, with the script written by his wife, Alice Richards and narrated by her friend Francis Herring, both co founders of the group. One of the first actions of Women for Peace was the protest against nuclear testing outside the testing zone in Mercury, Nevada where women picketed openly with helicopter surveillance flying over them.
|
| 538 |
|
|
|a Mode of access: World Wide Web.
|
| 546 |
|
|
|a In English
|
| 500 |
|
|
|a Electronic resource.
|
| 653 |
|
|
|a Gender Studies
|
| 653 |
|
|
|a History - Modern
|
| 653 |
|
|
|a Human Rights
|
| 653 |
|
|
|a North American Studies
|
| 700 |
1 |
|
|a Richards, Harvey,
|e filmmaker.
|0 http://id.loc.gov/authorities/names/n2013035624
|
| 710 |
2 |
|
|a Kanopy (Firm)
|0 http://id.loc.gov/authorities/names/no2014091415
|
| 856 |
4 |
0 |
|u http://proxy.library.tamu.edu/login?url=https://texasam.kanopystreaming.com/node/166402
|z Connect to this streaming video
|t 0
|
| 999 |
f |
f |
|s c3f2760e-2eb0-32b0-9125-6ca159442a65
|i ef2daa4c-56d5-3596-aad8-edb95caa11d3
|t 0
|
| 952 |
f |
f |
|a Texas A&M University
|b College Station
|c Electronic Resources
|s www_evans
|d Available Online
|t 0
|h No information provided
|
| 998 |
f |
f |
|t 0
|l Available Online
|